Biología : citología, anatomía y fisiología. genética.salud y enfermedad /

Guardado en:
Autor Principal: Barderi, María Gabriela
Otros Autores: Cuniglio, Francisco, Fernández, Eduardo M., Haut, Guillermo E.
Formato: Libro
Publicado: Buenos Aires : Santillana, 1998
Series:Santillana polimodal
Materias:
Etiquetas: Agregar Etiqueta
Sin Etiquetas, Sea el primero en etiquetar este registro!
LEADER 02390nam a22003615a 4500
001 CEM.cems009914
008 130507s1998##################000#0#####d
005 20241216120147.0
245 1 0 |a Biología :  |b citología, anatomía y fisiología. genética.salud y enfermedad /  |c María Gabriela Barderi ... [et Al.] 
260 |a Buenos Aires :  |b Santillana,  |c 1998 
300 |a 445 p. 
490 0 |a Santillana polimodal 
500 |a Para nivel polimodal 
505 0 |a El lenguaje de la ciencia -- Del organismo a las moléculas -- Los sistemas biológicos -- Multicelularidad y niveles de organización -- Células y biomoléculas: la vida en su mínima expresión -- Metabolismo celular -- Funciones de nutrición -- El sistema digestivo -- El sistema respiratorio -- Los sistemas circulatorio y excretor -- Funciones de relación y coordinación -- El sistema ósteo-artro-muscular -- El sistema nervioso -- Los órganos sensoriales -- Funciones de regulación y defensa -- El sistema endocrino -- Respuestas a los estímulos y comportamiento -- Inmunidad y homeostasis -- La continuidad de la vida -- Reproducción y sexualidad -- Desarrollo y crecimiento -- Herencia y genética -- El cuidado de la salud -- Promoción y protección de la salud -- Noxas y enfermedades -- Nutrición. Enfermedades nutricionales -- Drogadependencias. 
020 |a 9504605648 
100 1 |a Barderi, María Gabriela 
700 1 |a Cuniglio, Francisco 
700 1 |a Fernández, Eduardo M. 
700 1 |a Haut, Guillermo E. 
082 0 4 |a Z574 
653 |a Biología 
653 |a Biología-polimodal 
859 |a CEMS  |b BIB. CEMS - 11 de abril  |h 574  |i B235-1  |p 20238.99  |t Ej.1 
859 |a CEMS  |b BIB. CEMS - Agricultura  |h 574  |i B235-1  |p A20393.99  |t Ej.1 
859 |a CEMS  |b BIB. CEMS - 11 de abril  |h 574  |i B235-1  |p 20257.99  |t Ej.2 
859 |a CEMS  |b BIB. CEMS - Agricultura  |h 574  |i B235-1  |p A0469.03  |t Ej.2 
859 |a CEMS  |b BIB. CEMS - Agricultura  |h 574  |i B235-1  |p A0497.03  |t Ej.3 
859 |a CEMS  |b BIB. CEMS - 11 de abril  |h 574  |i B235-1  |p 20724.00  |t Ej.4 
859 |a CEMS  |b BIB. CEMS - Agricultura  |h 574  |i B235-1  |p A0784.08  |t Ej.4 
859 |a CEMS  |b BIB. CEMS - 11 de abril  |h 574  |i B235-1  |p 25437.08  |t Ej.5 
859 |a CEMS  |b BIB. CEMS - 11 de abril  |h 574  |i B235-1  |p 25438.08  |t Ej.6 
859 |a CEMS  |b BIB. CEMS - 11 de abril  |h 574  |i B235-1  |p 25439.08  |t Ej.7 
859 |a CEMS  |b BIB. CEMS - 11 de abril  |h 574  |i B235-1  |p 25440.08  |t Ej.8